000 00497nam a2200193Ia 4500
005 20250423095357.0
008 250422s9999 xx 000 0 und d
020 _a0-19-422973-4
050 _aPZ 7 .N47 F58/
100 _aNesbit, Edith, 1858-1924
245 0 _aFive children and it
250 _a2nd ed.
260 _aOxford
260 _bOxford University Press
260 _c2000
300 _a56 p
650 _aEnglish language -- Study and teaching Readers - Level 2
942 _cBK
999 _c30093
_d30093